000 01324nam a2200241Ia 4500
999 _c54144
_d54144
001 21199
003 GE_BSU
005 20210722180238.0
008 181216s2007||||ge |||||||||||||| ||geo||
020 _a9992816414
040 _cGE_BSU
041 _ageo
080 _a342.4(100)(075.8) ს-17
245 _aსაზღვარგარეთის ქვეყნების კონსტიტუციური სამართალი კრებული 1 :
_b[დამხმარე სახელმძღვანელო] /
_cავტორთა კოლექტივის ხელმძღვანელი და პასუხისმგ. რედ. ოთარ მელქაძე.
264 _aთბილისი :
_bმერიდიანი,
_c2007.
300 _a382 გვ. ;
_c20 სმ.
490 _aპოლიტიკურ -სამართლებრივი ლიტერატურის სერია წიგნი VIII
541 _h16ლ.
653 _aსაზღვარგარეთის ქვეყნების კონსტიტუციური სამართალი
653 _aსამართალი
700 _aმელქაძე, ოთარ
_eრედაქტორი
_912310
942 _cBK
_2udc